Bands by Emoji - Statistics

General Stats
  • This quiz has been taken 79 times
  • The average score is 11 of 16
Answer Stats
Emojis Answer % Correct
๐Ÿ”ด๐Ÿ”ฅ๐ŸŒถ๏ธ๐ŸŒถ๏ธ Red Hot Chili Peppers
97%
๐Ÿš“๐Ÿ‘ฎ๐Ÿš“๐Ÿ‘ฎ The Police
93%
๐ŸŒฝ๐ŸŒฝ Korn
91%
๐Ÿฆ๐Ÿฆ๐Ÿฆ๐Ÿฆ Gorillaz
87%
๐Ÿ”จ๐ŸŽƒ๐Ÿ”จ๐ŸŽƒ Smashing Pumpkins
84%
๐Ÿชฒ๐Ÿชฒ๐Ÿชฒ๐Ÿชฒ Beatles
82%
๐ŸŒ๐ŸŒฌ๏ธ&๐Ÿ”ฅ Earth Wind and Fire
81%
๐Ÿšช๐Ÿšช๐Ÿšช๐Ÿšช Doors
79%
โฌ›๏ธ๐Ÿ‘๏ธ๐Ÿซ›๐Ÿซ› Black Eyed Peas
78%
๐Ÿ“ป๐Ÿ‘ฆ Radiohead
78%
๐Ÿš‚๐Ÿšƒ๐Ÿšƒ๐Ÿšƒ Train
72%
๐Ÿฅฉ๐Ÿฅ– Meat Loaf
43%
๐Ÿฆ‰๐Ÿฌ๐Ÿข๐Ÿฌ Owl City
39%
๐Ÿ”—โžก๏ธ๐Ÿ…ฟ๏ธ Linkin Park
34%
๐ŸงŽโ™ฆ๏ธ Neil Diamond
27%
๐Ÿ”ฅ๐Ÿ”ฅ๐Ÿ‘„๐Ÿ’‹ Flaming Lips
22%
No matching quizzes found
Score Distribution
Percent of People with Each Score
Percentile by Number Answered
Your Score History
You have not taken this quiz